Cuidadanía, democracia y perspectiva de género: reflexiones en vista a la conmemoración del Bicentenario de la Independencia 2
Gespeichert in:
| Hauptverfasser: | , |
|---|---|
| Format: | Buch |
| Sprache: | Spanisch |
| Veröffentlicht: |
Quito
Abya-Yala
2010
|
| Ausgabe: | 1a. ed |
| Schlagworte: | |
| Tags: |
Tag hinzufügen
Keine Tags, Fügen Sie den ersten Tag hinzu!
|
MARC
| LEADER | 00000cam a2200000 a 4500 | ||
|---|---|---|---|
| 001 | UCG7894 | ||
| 003 | CL-VaPUC | ||
| 008 | 111014e20100000EC |||||||||||||||||spa|d | ||
| 020 | |a 9789978229330 | ||
| 082 | 0 | 4 | |a 320 |b ECK |2 21 |
| 100 | 0 | |a Eckholt, Margit |e author |9 558381 | |
| 700 | 0 | |a Ortíz, Gustavo |e author |9 558382 | |
| 245 | 1 | 0 | |a Cuidadanía, democracia y perspectiva de género: reflexiones en vista a la conmemoración del Bicentenario de la Independencia 2 |
| 250 | |a 1a. ed | ||
| 300 | |a 581 p | ||
| 942 | |c BK | ||
| 945 | |d 20111014 00:00:00 |a dcastane | ||
| 260 | |a Quito |b Abya-Yala |c 2010 | ||
| 650 | 0 | |a Ciencias Políticas |9 255201 | |
| 650 | 0 | |a Ciudadanía |9 258339 | |
| 650 | 0 | |a Democracia |9 255256 | |
| 650 | 0 | |a Género |9 395998 | |
| 583 | |a last modification |c 20111014 14:55:00 |k Rodrigo Vera | ||
| 999 | |c 345582 |d 345580 | ||
| 952 | |0 0 |1 0 |4 0 |6 320_000000000000000_ECK_2010 |7 0 |8 A |9 444491 |a BIBHIS |b BIBHIS |d 2019-11-22 |i 4791770 |o 320 ECK 2010 |p 4791770 |r 2025-01-20 |w 2019-11-22 |y BK |k HIS | ||